00455 2200169 4500001002100000005001500021035001900036245005900055100002600114300003900140260003900179082000700218084001300225020002100238990001300259990001300272INLIS00000000000067320220113092346$a 0010-0122000007$a Komik Next G: Lailatul qadar /$c Nursyifa dewi rehulina$a Nursyifa dewi rehulina$a 96 hlm : $b ilust ; $c 14.5 x 21 cm$a Bandung :$b Muffin graphics,$c 2021$a 813$a 813 NUR k$a 978-602-367-855-6$a 0310/2021$a 0311/2021